BPF/IPD annual lease review 2011 (Record no. 112683)
[ view plain ]
| 000 -LEADER | |
|---|---|
| fixed length control field | 01594cad a22002655a 4500 |
| 001 - CONTROL NUMBER | |
| control field | L153741 |
| 008 - FIXED-LENGTH DATA ELEMENTS--GENERAL INFORMATION | |
| fixed length control field | 110824s2011 xxk f s 000 0 eng d |
| 035 ## - SYSTEM CONTROL NUMBER | |
| System control number | (Sirsi) u153741 |
| 041 0# - LANGUAGE CODE | |
| Language code of text/sound track or separate title | eng |
| 050 04 - LIBRARY OF CONGRESS CALL NUMBER | |
| Classification number | 346.4104343 $2 18 |
| 110 2# - MAIN ENTRY--CORPORATE NAME | |
| Corporate name or jurisdiction name as entry element | British Property Federation |
| 9 (RLIN) | 1604 |
| 245 00 - TITLE STATEMENT | |
| Title | BPF/IPD annual lease review 2011 |
| Medium | [electronic resource] |
| 250 ## - EDITION STATEMENT | |
| Edition statement | 14th ed. |
| 260 ## - PUBLICATION, DISTRIBUTION, ETC. | |
| Place of publication, distribution, etc. | London |
| Name of publisher, distributor, etc. | BPF |
| -- | IPD |
| Date of publication, distribution, etc. | 2011 |
| 490 #0 - SERIES STATEMENT | |
| Series statement | BPF/IPD Annual Lease Review |
| Volume/sequential designation | 2011 |
| 505 2# - FORMATTED CONTENTS NOTE | |
| Formatted contents note | Executive summary -- expanded database analysis and headline lease lengths -- changes in lease lengths -- average rent free periods -- income security and growth potential -- technical appendix |
| 520 ## - SUMMARY, ETC. | |
| Summary, etc. | The 2011 annual lease review, the largest study of its kind, draws evidence from almost 102 000 tenancies and incorporates data on 10 236 new leases granted between January 2010 and March 2011. The average length of all lettings increased from 5.0 years in 2009/10 to 5.3 years in 2010/11, rising across all sectors in 2010/2011 after two years of consecutive falls. The proportion of leases with break clauses went up in 2010/2011 to 31.1% compared to 29.4% in 2009/10. Overall, rent-free periods rose to 13.4 months in 2010/11. |
| 590 ## - LOCAL NOTE (RLIN) | |
| Local note | KA NTK |
| 650 24 - SUBJECT ADDED ENTRY--TOPICAL TERM | |
| Topical term or geographic name entry element | BPF/IPD ANNUAL LEASE REVIEW |
| 651 #4 - SUBJECT ADDED ENTRY--GEOGRAPHIC NAME | |
| Geographic name | United Kingdom |
| Chronological subdivision | |
| 690 ## - LOCAL SUBJECT ADDED ENTRY--TOPICAL TERM (OCLC, RLIN) | |
| Topical term or geographic name as entry element | PROPERTY-COMMERCIAL PROPERTY-COMMERCIAL PROPERTY MARKET |
| 710 2# - ADDED ENTRY--CORPORATE NAME | |
| Corporate name or jurisdiction name as entry element | Investment Property Databank |
| 9 (RLIN) | 2288 |
| 856 40 - ELECTRONIC LOCATION AND ACCESS | |
| Uniform Resource Identifier | <a href="https://www.bpf.org.uk/en/files/bpf_documents/BPF_Annual_Lease_Review_2011.pdf">https://www.bpf.org.uk/en/files/bpf_documents/BPF_Annual_Lease_Review_2011.pdf</a> |
| Public note | View the review free of charge at www.bpf.org.uk |
| 942 ## - ADDED ENTRY ELEMENTS (KOHA) | |
| Suppress in OPAC | 0 |
| Withdrawn status | Lost status | Source of classification or shelving scheme | Damaged status | Not for loan | Home library | Current library | Shelving location | Date acquired | Total Checkouts | Full call number | Barcode | Date last seen | Copy number | Price effective from | Koha item type |
|---|---|---|---|---|---|---|---|---|---|---|---|---|---|---|---|
| Dewey Decimal Classification | Virtual | Virtual | Online | 24/08/2011 | ONLINE PUBLICATION | 153741-2001 | 06/08/2019 | 1 | 06/08/2019 | Book |